02249nam a2200313 i 4500003000900000005001700009007000300026008004100029020001800070040003000088082001900118100003900137245005000176246009400226264005700320300002800377336002700405337003300432338002800465500006400493520088500557590002701442910001401469942001401483952013701497952014201634952014201776999001701918DO-SdBNP20250529113333.0ta250529b2024 dr ||||| |||| 00| 0 spa d a9789945649307 aDO-SdBNPbspacBNPHUerda axxxxbP3492221 aPeña, Leoneleautor4aut.98757710a66 Vergüenzas dominicanas /cLeonel Peña  aSesenta y seis vergüenzas dominicanas : bun pequeño país que ha girado al rǝves / 1a[Santo Domingo] :bImpreso Layoot & printing,c2024. a378 páginas ;c22 cm. atextobtxt2rdacontent asin mediaciónbn2rdamedia avolumenbnc2rdacarrier aIncluye datos biografícos del autor en la contraportada.  aEsta es una obra que presenta varias denuncias de hechos y acontecimientos palpables presenciales en la actualidad, ocurridos en República Dominicana; algunos parcialmente superados que a la fecha muestran sus huellas. El contenido señalado en las páginas de este libro está documentado y apoyado en base a investigaciones, citas de autores reseñadas y publicadas en algunos medios escritos. El libro confronta a líderes, incluyendo a presidentes de la nación, que ocuparon importantes cargos públicos en República Dominicana, sin lograr resolver los problemas más acuciantes, que aún continúan afectando a los habitantes en el territorio dominicano. Entre esas miserias y calamidades sobresalen negativamente: La Educación, Salud, Alimentación, Seguridad social, Agua, Electricidad, Transporte Público, Justicia y Corrupción entre muchos otros. aInventariado, 2025/ YL aYLockward 2ddccLBS1 00102ddc5170aBNPHUbBNPHUd2025-04-04eDepósito Legall0p2025-3816r2025-04-30w2025-04-30yLBS1zEn proceso de descripción 00102ddc5170aBNPHUbBNPHUd2025-04-04eDepósito Legall0p2025-3817r2025-04-30te.2w2025-04-30yLBS1zEn proceso de descripción 00102ddc5670aBNPHUbBNPHUd2025-04-04eDepósito Legall0p2025-3818r2025-04-30te.3w2025-04-30yLBS1zEn proceso de descripción c58862d58862